Меч Без Имени

Podrobná bibliografie
Hlavní autor: Белянин А. О. Андрей Олегович
Shrnutí:Эта фантастическая история, полная опасных приключений, произошла в наши дни. Герой романа, двадцатисемилетний художник Андрей, волею неведомых сил становится избранником волшебного Меча и попадает в параллельный мир. Он должен освободить жителей Соединенного королевства от власти могущественного колдуна Ризенкампфа. Герой не прячется от опасностей. На своем пути он стремится помочь каждому попавшему в беду. И вскоре у него появляются храбрые и верные друзья. Вместе они одолевают злых ведьм и коварных монахов, спускаются в ад и находят новых союзников — чертей. Чего только не суждено было им пережить! Неизменный юмор и отвага ведут их к цели — злой колдун будет уничтожен.
Jazyk:ruština
Vydáno: Ростов-на-Дону, Феникс, 2024
Edice:Фэнтези Андрея Белянина
Témata:
Médium: MixedMaterials Kniha
KOHA link:https://koha.lib.tpu.ru/cgi-bin/koha/opac-detail.pl?biblionumber=682330

MARC

LEADER 00000nam0a2200000 4500
001 682330
005 20251112114035.0
010 |a 978-5-222-39700-8 
090 |a 682330 
100 |a 20251015d2024 m||y0rusy50 ca 
101 0 |a rus 
102 |a RU 
105 |a a z 000ay 
181 0 |a i   |b  e  
182 0 |a n 
183 0 |a nc  |2 RDAcarrier 
200 1 |a Меч Без Имени  |f Андрей Белянин 
203 |a Текст  |b визуальный  |c непосредственный 
210 |a Ростов-на-Дону  |c Феникс  |d 2024 
215 |a 303 с.  |c ил. 
225 1 |a Фэнтези Андрея Белянина 
283 |a volume  |2 RDAcarrier 
330 |a Эта фантастическая история, полная опасных приключений, произошла в наши дни. Герой романа, двадцатисемилетний художник Андрей, волею неведомых сил становится избранником волшебного Меча и попадает в параллельный мир. Он должен освободить жителей Соединенного королевства от власти могущественного колдуна Ризенкампфа. Герой не прячется от опасностей. На своем пути он стремится помочь каждому попавшему в беду. И вскоре у него появляются храбрые и верные друзья. Вместе они одолевают злых ведьм и коварных монахов, спускаются в ад и находят новых союзников — чертей. Чего только не суждено было им пережить! Неизменный юмор и отвага ведут их к цели — злой колдун будет уничтожен. 
606 |a Русская литература современная  |9 50316 
610 1 |a романы 
610 1 |a художественная литература 
610 1 |a фантастика 
675 |a Р2  |v 4 
700 1 |a Белянин  |b А. О.  |g Андрей Олегович 
801 0 |a RU  |b 63413507  |c 20251015 
942 |c BK